[Event "Reykjavik Open 2013"]
[Site "Reykjavik, Iceland"]
[Date "2013.02.25"]
[Round "8.56"]
[White "Christiansen, Johan-Sebastian"]
[Black "Ptacnikova, Lenka"]
[Result "0-1"]
[WhiteElo "2071"]
[BlackElo "2269"]
[PlyCount "82"]
[EventDate "2013.02.19"]

1. c4 c5 2. g3 g6 3. Bg2 Bg7 4. Nc3 Nc6 5. Nf3 d6 6. O-O h5 7. a3 Nh6 8. Rb1 a5
9. Nb5 Nf5 10. e3 h4 11. d4 hxg3 12. hxg3 cxd4 13. exd4 Qb6 14. Qd3 Ncxd4 15.
Nfxd4 Bxd4 16. g4 Be5 17. gxf5 Bh2+ 18. Kh1 Bxf5 19. Be4 d5 20. Bxf5 gxf5 21.
Qxf5 e6 22. Re1 Be5+ 23. Kg1 exf5 24. Rxe5+ Kf8 25. Rxd5 Qg6+ 26. Kf1 Re8 27.
Be3 Rh1+ 28. Ke2 Rxb1 29. Nd6 Rxb2+ 30. Kd3 f4+ 31. Kd4 fxe3 32. fxe3 Qf6+ 33.
Kc5 Rxe3 34. Nb5 Rxb5+ 35. Kxb5 Qc6+ 36. Kxa5 Rxa3+ 37. Kb4 Ra4+ 38. Kc3 Qxc4+
39. Kd2 Qxd5+ 40. Ke1 Ra2 41. Kf1 Qh1# 0-1

[Event "Reykjavik Open 2013"]
[Site "Reykjavik, Iceland"]
[Date "2013.02.25"]
[Round "8.57"]
[White "Mihajlov, Svetoslav"]
[Black "Schou-Moldt, Thomas"]
[Result "0-1"]
[WhiteElo "2071"]
[BlackElo "2236"]
[PlyCount "128"]
[EventDate "2013.02.19"]

1. d4 Nf6 2. c4 g6 3. Nc3 Bg7 4. e4 d6 5. Nf3 O-O 6. h3 e5 7. d5 a5 8. g4 Na6
9. Be3 Nd7 10. Rg1 Kh8 11. Be2 Ndc5 12. g5 Bxh3 13. Rh1 Bd7 14. Qd2 c6 15.
O-O-O cxd5 16. Nxd5 Nxe4 17. Qc2 Nac5 18. Nh4 Kg8 19. Rdg1 Ba4 20. b3 Bc6 21.
f3 Bxd5 22. cxd5 Rc8 23. Bc4 b5 24. fxe4 bxc4 25. bxc4 Qc7 26. Nf3 Rfe8 27. Nd2
Nd7 28. Kb1 Rb8+ 29. Ka1 Rb4 30. a3 Rb7 31. Qa4 Reb8 32. Qc6 Rc8 33. Rb1 Rxb1+
34. Rxb1 Qxc6 35. dxc6 Rxc6 36. Rb7 Nc5 37. Ra7 f5 38. gxf6 Bxf6 39. Rxa5 Na6
40. Rb5 g5 41. Rb1 Kf7 42. Rg1 h6 43. Kb2 Bd8 44. Kc3 Ba5+ 45. Kd3 Bxd2 46.
Bxd2 Nc5+ 47. Ke3 Ne6 48. Bb4 Nd4 49. Kd3 Kg6 50. Rf1 Ne6 51. Ke3 h5 52. Rd1
Nd4 53. Rf1 h4 54. Rf8 Ne6 55. Re8 Kf7 56. Rh8 Nf8 57. Rh6 Ne6 58. Kf3 Rxc4 59.
Bxd6 Rc6 60. Rh7+ Kg6 61. Rd7 Rc3+ 62. Kf2 Rd3 63. a4 g4 64. a5 g3+ 0-1

[Event "Reykjavik Open 2013"]
[Site "Reykjavik, Iceland"]
[Date "2013.02.25"]
[Round "8.58"]
[White "Steindorsson, Sigurdur P"]
[Black "Newrkla, Alexander"]
[Result "1-0"]
[WhiteElo "2235"]
[BlackElo "1969"]
[PlyCount "49"]
[EventDate "2013.02.19"]

1. c4 Nc6 2. Nc3 Nf6 3. d4 e5 4. d5 Ne7 5. h4 h5 6. Bg5 Neg8 7. Nf3 d6 8. c5
Be7 9. e4 Ng4 10. cxd6 cxd6 11. Qb3 N8f6 12. Be2 O-O 13. O-O Nd7 14. Bxe7 Qxe7
15. Qc2 a5 16. a3 Nc5 17. b4 axb4 18. axb4 Rxa1 19. Rxa1 Na6 20. Bxa6 bxa6 21.
b5 axb5 22. Nxb5 Rd8 23. Ra7 Qf8 24. Ng5 Nh6 25. Qc6 1-0

[Event "Reykjavik Open 2013"]
[Site "Reykjavik, Iceland"]
[Date "2013.02.25"]
[Round "8.59"]
[White "Sverrisson, Nokkvi"]
[Black "Van Weersel, Arlette"]
[Result "1-0"]
[WhiteElo "1990"]
[BlackElo "2211"]
[PlyCount "133"]
[EventDate "2013.02.19"]

1. e4 e5 2. Nf3 Nc6 3. Bb5 a6 4. Ba4 Nf6 5. O-O Be7 6. Re1 b5 7. Bb3 d6 8. c3
O-O 9. h3 Na5 10. Bc2 c5 11. d4 Qc7 12. Nbd2 Nc6 13. d5 Nd8 14. Nf1 Ne8 15. Ng3
g6 16. Bh6 Ng7 17. a4 Rb8 18. axb5 axb5 19. b4 f6 20. Ra5 Nf7 21. Bxg7 Kxg7 22.
Qe2 c4 23. Rea1 Bd8 24. Ra7 Bb7 25. Nh2 Qc8 26. Qg4 Qxg4 27. hxg4 Bb6 28. R7a2
Nh6 29. Kf1 Rbd8 30. Ke2 f5 31. g5 Nf7 32. Nf3 f4 33. Nf1 Ra8 34. N1d2 Rxa2 35.
Rxa2 Rb8 36. Nb1 Bc8 37. Ke1 Rb7 38. Ra8 Bd7 39. Ra6 Rb8 40. Kf1 Kf8 41. Ke1
Ke8 42. Nbd2 Bc8 43. Ra2 Bd8 44. Ra7 Bb7 45. Nb1 Bc8 46. Na3 Bg4 47. Nxb5 Bxf3
48. gxf3 Bxg5 49. Nc7+ Kf8 50. Ne6+ Kg8 51. Rxf7 Kxf7 52. Nxg5+ Kg7 53. Ba4 Ra8
54. Bc6 Ra2 55. b5 Rc2 56. b6 Rxc3 57. b7 Rb3 58. Ne6+ Kf6 59. Nc7 c3 60. Kd1
Rb6 61. Na6 Ke7 62. b8=Q Rxb8 63. Nxb8 Kd8 64. Bb5 Kc7 65. Nc6 h5 66. Bf1 g5
67. Bh3 1-0

[Event "Reykjavik Open 2013"]
[Site "Reykjavik, Iceland"]
[Date "2013.02.25"]
[Round "8.60"]
[White "Valenti, Giuseppe"]
[Black "Birgisson, Ingvar Orn"]
[Result "1-0"]
[WhiteElo "2204"]
[BlackElo "1953"]
[PlyCount "99"]
[EventDate "2013.02.19"]

1. e4 e5 2. Nf3 Nf6 3. Nxe5 d6 4. Nf3 Nxe4 5. d4 d5 6. Bd3 Nc6 7. O-O Be7 8.
Re1 Bg4 9. c4 Nf6 10. cxd5 Nxd5 11. Nc3 Nxc3 12. bxc3 O-O 13. Rb1 Rb8 14. Qe2
Bxf3 15. Qxf3 Bf6 16. Bf4 Bg5 17. Qh5 h6 18. Bxg5 Qxg5 19. Qxg5 hxg5 20. Rb5 b6
21. Rxg5 Rbe8 22. Re3 g6 23. Bxg6 Rxe3 24. Be4+ Kh8 25. fxe3 Ne7 26. Re5 Nc8
27. Bd3 f6 28. Rh5+ Kg8 29. Rh7 Rf7 30. Rh5 Nd6 31. e4 Re7 32. e5 fxe5 33. dxe5
Nb7 34. Kf2 Nc5 35. Ke3 Na4 36. Kd2 Rd7 37. Kc2 Nc5 38. Bf5 Re7 39. g4 Ne6 40.
Bxe6+ Rxe6 41. h3 c5 42. Kd3 b5 43. Ke4 b4 44. cxb4 cxb4 45. Kd5 Rb6 46. Kc4 a5
47. Kb3 Kg7 48. Ka4 Ra6 49. Rf5 Rh6 50. Rf3 1-0

[Event "Reykjavik Open 2013"]
[Site "Reykjavik, Iceland"]
[Date "2013.02.25"]
[Round "8.61"]
[White "Frisk, Ellinor"]
[Black "Johannsson, Orn Leo"]
[Result "1/2-1/2"]
[WhiteElo "2197"]
[BlackElo "1953"]
[PlyCount "200"]
[EventDate "2013.02.19"]

1. Nf3 e6 2. c4 d5 3. g3 Nf6 4. Bg2 Be7 5. O-O O-O 6. d4 b6 7. cxd5 Nxd5 8. e4
Nf6 9. Qc2 Nbd7 10. Ng5 e5 11. dxe5 Nxe5 12. Rd1 Nfd7 13. Nf3 Nxf3+ 14. Bxf3
Bb7 15. Nc3 Qc8 16. Bf4 Nc5 17. Nd5 Bxd5 18. Rxd5 c6 19. Rdd1 a5 20. Bg2 Qe6
21. b3 Ra7 22. Be3 Rd7 23. Rxd7 Qxd7 24. Rd1 Qc7 25. f4 Rd8 26. e5 Rxd1+ 27.
Qxd1 Ne6 28. Qf3 Nd8 29. Qe4 c5 30. a4 Ne6 31. Qa8+ Qd8 32. Qxd8+ Bxd8 33. Bd5
Nd4 34. Kf2 Kf8 35. Bd2 f6 36. exf6 Bxf6 37. Ke3 Ke7 38. Ke4 Kd6 39. Bc4 h6 40.
g4 Nc6 41. Be1 Nd4 42. h4 Kc6 43. Bg3 b5 44. axb5+ Nxb5 45. Bd5+ Kd7 46. Kf5
Nc3 47. Bc4 Nd1 48. Bb5+ Ke7 49. g5 hxg5 50. fxg5 Bd4 51. Kg6 Nc3 52. Bc4 a4
53. bxa4 Nxa4 54. h5 Nb6 55. Ba2 Nd7 56. Kf5 Be3 57. Be1 Bd4 58. Bg3 Be3 59.
Bh4 Bd4 60. Bg3 Be3 61. Kg6 Nf8+ 62. Kxg7 Bxg5 63. Bf2 Ne6+ 64. Kg6 Bd2 65.
Bh4+ Kd7 66. h6 Bxh6 67. Kxh6 Nd4 68. Kg6 Kc6 69. Bc4 Nf3 70. Bg3 Nd2 71. Be2
c4 72. Kf5 Kd5 73. Be5 Nb3 74. Bf3+ Kc5 75. Kf4 Nd4 76. Be4 Nc6 77. Bh8 Nb4 78.
Ke3 c3 79. Bh7 Kc4 80. Bg8+ Kc5 81. Bd4+ Kd6 82. Bg7 Kc5 83. Bf8+ Kb5 84. Bb3
c2 85. Kd2 Ka5 86. Kc1 Kb5 87. Kb2 Ka5 88. Bg8 Ka4 89. Bf7 Kb5 90. Be6 Nc6 91.
Bd7 Kb6 92. Kxc2 Kc7 93. Be8 Ne5 94. Kc3 Nd7 95. Be7 Ne5 96. Ba3 Nd7 97. Kd4
Kc6 98. Bb4 Kc7 99. Ba5+ Kd6 100. Bh5 Nf6 {Draw in 44 games} 1/2-1/2

[Event "Reykjavik Open 2013"]
[Site "Reykjavik, Iceland"]
[Date "2013.02.25"]
[Round "8.62"]
[White "Kuehnast, Volker"]
[Black "Bergsson, Stefan"]
[Result "1-0"]
[WhiteElo "1936"]
[BlackElo "2180"]
[PlyCount "101"]
[EventDate "2013.02.19"]

1. e4 c5 2. Nf3 d6 3. Bb5+ Nd7 4. c3 e5 5. O-O Ngf6 6. Qe2 a6 7. Ba4 b5 8. Bc2
Be7 9. d3 O-O 10. Rd1 Bb7 11. Nbd2 Qc7 12. Nf1 Rfe8 13. Ng5 Rac8 14. Ng3 Bf8
15. h4 a5 16. a3 a4 17. Bd2 d5 18. Rac1 Ba6 19. exd5 Nxd5 20. Qf3 N7f6 21. N3e4
Bb7 22. c4 Nxe4 23. Nxe4 Nf4 24. Qg4 Re6 25. Bxf4 exf4 26. cxb5 Rg6 27. Qh3 Qe5
28. Re1 f5 29. Ng5 Qd5 30. Kf1 Bd6 31. Nf3 Rg4 32. d4 cxd4 33. Bxa4 Ra8 34. Bd1
Qxb5+ 35. Kg1 Qxb2 36. Be2 Qxa3 37. Rb1 Be4 38. Bc4+ Kh8 39. Rb3 Qc5 40. Rxe4
Qxc4 41. Rb7 Ra1+ 42. Re1 Rxe1+ 43. Nxe1 Qe2 44. Rb1 h6 45. Qb3 Rxh4 46. Nf3
Rg4 47. Re1 Qa6 48. Re8+ Kh7 49. Qg8+ Kg6 50. Qe6+ Kh7 51. Qxf5+ 1-0

[Event "Reykjavik Open 2013"]
[Site "Reykjavik, Iceland"]
[Date "2013.02.25"]
[Round "8.63"]
[White "Roberts, Lynda"]
[Black "Thorhallsson, Gylfi"]
[Result "1/2-1/2"]
[WhiteElo "1903"]
[BlackElo "2141"]
[PlyCount "27"]
[EventDate "2013.02.19"]

1. e4 e5 2. Nf3 Nc6 3. Bb5 a6 4. Bxc6 dxc6 5. d4 exd4 6. Qxd4 Qxd4 7. Nxd4 c5
8. Ne2 Bd7 9. Be3 O-O-O 10. Nd2 Nf6 11. f3 Bc6 12. Nc4 Be7 13. Kf2 b6 14. Ng3
1/2-1/2

[Event "Reykjavik Open 2013"]
[Site "Reykjavik, Iceland"]
[Date "2013.02.25"]
[Round "8.64"]
[White "Bjarnason, Saevar"]
[Black "Saemundsson, Bjarni"]
[Result "0-1"]
[WhiteElo "2133"]
[BlackElo "1935"]
[PlyCount "70"]
[EventDate "2013.02.19"]

1. d4 d6 2. Nf3 Bg4 3. c4 Nd7 4. Nc3 g6 5. e4 Bg7 6. Be2 e6 7. Ng1 Bxe2 8.
Ngxe2 Ne7 9. Be3 O-O 10. h4 c6 11. Qd2 Nb6 12. b3 f5 13. f3 e5 14. Bh6 f4 15.
Bg5 h6 16. Bxe7 Qxe7 17. O-O-O d5 18. exd5 cxd5 19. cxd5 exd4 20. Nxd4 Qc5 21.
Kb1 Nxd5 22. Ne4 Qxd4 23. Qxd4 Bxd4 24. Rxd4 Ne3 25. Rd6 Kg7 26. h5 gxh5 27.
Rxh5 Rh8 28. Rc5 Rac8 29. Rd7+ Kg6 30. Re5 Rhe8 31. Rxe8 Rxe8 32. Rxb7 Nxg2 33.
Rxa7 Rxe4 34. fxe4 f3 35. e5 f2 0-1

[Event "Reykjavik Open 2013"]
[Site "Reykjavik, Iceland"]
[Date "2013.02.25"]
[Round "8.66"]
[White "Ornolfsson, Magnus P"]
[Black "Eliasson, Kristjan Orn"]
[Result "1-0"]
[WhiteElo "2169"]
[BlackElo "1873"]
[PlyCount "51"]
[EventDate "2013.02.19"]

1. e4 d6 2. d4 Nf6 3. Nc3 g6 4. f4 Bg7 5. Nf3 c6 6. Be2 O-O 7. O-O Nbd7 8. e5
Ne8 9. Ne4 Qc7 10. Be3 b6 11. Qe1 h6 12. Qh4 e6 13. g4 Bb7 14. g5 c5 15. Nf6+
Bxf6 16. gxf6 cxd4 17. Bxd4 h5 18. c3 Qc6 19. Rae1 a5 20. Rf2 dxe5 21. fxe5 Nc7
22. Rg2 Qe4 23. Qxh5 Ne8 24. Qh6 Nc5 25. Rg3 Nd3 26. Bxd3 1-0

[Event "Reykjavik Open 2013"]
[Site "Reykjavik, Iceland"]
[Date "2013.02.25"]
[Round "8.67"]
[White "Knútsson, Lárus"]
[Black "Helin, Mikael"]
[Result "0-1"]
[WhiteElo "2072"]
[BlackElo "1910"]
[PlyCount "112"]
[EventDate "2013.02.19"]

1. e4 g6 2. d4 d6 3. c4 Bg7 4. Nc3 Nc6 5. Be3 e5 6. Nge2 Nh6 7. f3 f5 8. d5 Ne7
9. Qc2 O-O 10. h3 f4 11. Bf2 g5 12. c5 a6 13. b4 Bd7 14. a4 Be8 15. Nc1 Bg6 16.
Bc4 Nf7 17. Nb3 b6 18. Qe2 bxc5 19. bxc5 Qb8 20. Kd2 Kh8 21. Rhb1 Qc8 22. c6 h5
23. Na5 Bh6 24. Rb7 g4 25. hxg4 hxg4 26. Bh4 Ng5 27. Rh1 Kg7 28. Bxg5 Bxg5 29.
Bxa6 Rh8 30. Rxh8 Qxh8 31. Rxc7 Qd8 32. Rd7 Qxa5 33. c7 Qc5 34. c8=Q Rxc8 35.
Bxc8 Qxc8 36. Rxd6 Qc5 37. Rd7 Be8 38. Rd8 Qd4+ 39. Qd3 gxf3 40. gxf3 Qf2+ 41.
Ne2 Bxa4 42. Rb8 Nxd5 43. exd5 Qa7 44. Rb1 Be8 45. Rc1 Bg6 46. Qb3 Bd8 47. d6
Ba5+ 48. Kd1 Qf2 49. Rc3 Qf1+ 50. Kd2 Qxf3 51. Qc4 Bxc3+ 52. Qxc3 Qd5+ 53. Ke1
f3 54. Qc7+ Kh6 55. Qc1+ Kh5 56. Qd2 f2+ 0-1

[Event "Reykjavik Open 2013"]
[Site "Reykjavik, Iceland"]
[Date "2013.02.25"]
[Round "8.68"]
[White "Jensen, Soren"]
[Black "Mihajlov, Sebastian"]
[Result "0-1"]
[WhiteElo "1909"]
[BlackElo "2059"]
[PlyCount "92"]
[EventDate "2013.02.19"]

1. f4 d5 2. Nf3 Nf6 3. b3 c5 4. Bb2 Nc6 5. e3 Bf5 6. Nh4 Bg4 7. Be2 Bxe2 8.
Qxe2 e6 9. O-O Bd6 10. Nf3 Qe7 11. Nc3 a6 12. Nd1 e5 13. fxe5 Nxe5 14. Nf2 O-O
15. Bxe5 Bxe5 16. Nxe5 Qxe5 17. Nd3 Qd6 18. Nf4 Qe5 19. Nd3 Qd6 20. Nf4 Rad8
21. Rf3 Rfe8 22. Raf1 d4 23. Qd3 Qe5 24. exd4 Rxd4 25. Qc3 Ne4 26. Nd3 Qb8 27.
Qa5 b6 28. Qxa6 Nxd2 29. Rxf7 Nxf1 30. Rxf1 Kh8 31. g3 Rde4 32. Rf2 Qc7 33. Qa3
Qc6 34. Qc1 b5 35. Qa3 Kg8 36. Qxc5 Re1+ 37. Rf1 Rxf1+ 38. Kxf1 Qh1+ 39. Qg1
Rf8+ 40. Nf2 Qf3 41. Ke1 Qc3+ 42. Kf1 Qxc2 43. a4 b4 44. Kg2 Qxb3 45. Qe1 Qf3+
46. Kg1 Qxf2+ 0-1

[Event "Reykjavik Open 2013"]
[Site "Reykjavik, Iceland"]
[Date "2013.02.25"]
[Round "8.69"]
[White "Merkesvik, Sondre"]
[Black "Heerde, Thomas"]
[Result "1-0"]
[WhiteElo "1903"]
[BlackElo "2053"]
[PlyCount "137"]
[EventDate "2013.02.19"]

1. Nf3 Nf6 2. g3 d6 3. Bg2 g6 4. c4 Bg7 5. Nc3 O-O 6. O-O Nbd7 7. d3 e5 8. Rb1
Ng4 9. b4 f5 10. e4 f4 11. h3 Nh6 12. g4 Nf7 13. Nd2 Ng5 14. f3 Ne6 15. Nb3 Nd4
16. Bd2 Rf7 17. Ne2 Ne6 18. Be1 h5 19. Nc3 Nd4 20. a4 c6 21. b5 Qf8 22. Na2
Nxb3 23. Qxb3 hxg4 24. hxg4 Nc5 25. Qd1 Bf6 26. Kf2 a6 27. bxc6 bxc6 28. Bb4
Ne6 29. Rh1 Qd8 30. a5 Nd4 31. Bd2 Bh4+ 32. Kf1 Bg3 33. Nb4 Qc7 34. Nc2 Ne6 35.
Be1 Rh7 36. Rxh7 Qxh7 37. Nb4 Bd7 38. Na2 Qh2 39. Nc3 Ng5 40. Ne2 Rf8 41. Ng1
Bxg4 42. fxg4 f3 43. Nxf3 Nxf3 44. Bxf3 Qh1+ 45. Ke2 Qxf3+ 46. Kd2 Qg2+ 47. Kc3
Rf1 48. Qd2 Bxe1 49. Rxe1 Rf2 50. Qc1 Ra2 51. Rf1 Rxa5 52. Rf6 Qa2 53. Rxd6
Ra3+ 54. Kb4 Rb3+ 55. Kc5 Qa5+ 56. Kxc6 Rb6+ 57. Kd7 Rb7+ 58. Ke6 Qc7 59. Qg5
Qf7+ 60. Kxe5 Qg7+ 61. Qf6 Qxf6+ 62. Rxf6 Kg7 63. Rxa6 Kh6 64. d4 Kg5 65. d5
Rc7 66. d6 Rxc4 67. d7 Rc5+ 68. Ke6 Kh6 69. d8=Q 1-0

[Event "Reykjavik Open 2013"]
[Site "Reykjavik, Iceland"]
[Date "2013.02.25"]
[Round "8.70"]
[White "Doell, Detlef"]
[Black "Jablon, Stephen"]
[Result "1-0"]
[WhiteElo "2044"]
[BlackElo "1896"]
[PlyCount "121"]
[EventDate "2013.02.19"]

1. a3 d5 2. Nf3 Nf6 3. g3 Bf5 4. Bg2 Qd7 5. h3 Nc6 6. d4 Ne4 7. Nbd2 f6 8. c3
g5 9. Qa4 h5 10. Nf1 O-O-O 11. Be3 Bh6 12. N3d2 Qe6 13. Nxe4 Bxe4 14. Bxe4 Qxe4
15. f3 Qe6 16. O-O-O Kb8 17. Re1 Rd6 18. Bd2 f5 19. e3 Ka8 20. Kb1 Nb8 21. Qc2
Nd7 22. e4 dxe4 23. fxe4 f4 24. Qd3 Ne5 25. Qe2 Nc4 26. d5 Nxd2+ 27. Nxd2 Qg6
28. gxf4 Rxd5 29. f5 Rxd2 30. Qxd2 Qc6 31. Qd4 Rf8 32. Rd1 a6 33. Qd5 Qb6 34.
Rhf1 Qe3 35. Qe6 g4 36. hxg4 hxg4 37. f6 Rxf6 38. Rxf6 exf6 39. Qc8+ Ka7 40.
Qxg4 Bf4 41. Qg1 Qxg1 42. Rxg1 Be5 43. Kc2 a5 44. a4 b6 45. Kd3 Kb7 46. Kc4 Kc6
47. Rg6 Kd6 48. Rg2 Kc6 49. Rd2 Bd6 50. b4 axb4 51. cxb4 Bf4 52. b5+ Kb7 53.
Rf2 Be5 54. Kd5 Kc8 55. Ke6 Kd8 56. Rg2 Kc8 57. Rg6 c5 58. bxc6 Kc7 59. Kd5 Bb2
60. Rg7+ Kc8 61. Rb7 1-0

[Event "Reykjavik Open 2013"]
[Site "Reykjavik, Iceland"]
[Date "2013.02.25"]
[Round "8.72"]
[White "Klug, Christian"]
[Black "Murray, Michael A"]
[Result "0-1"]
[WhiteElo "1894"]
[BlackElo "2017"]
[PlyCount "40"]
[EventDate "2013.02.19"]

1. e4 Nc6 2. Nc3 e6 3. d4 d5 4. exd5 exd5 5. Nf3 Bb4 6. Be2 Nf6 7. O-O Ne4 8.
Nxe4 dxe4 9. Ng5 Bf5 10. Bc4 O-O 11. c3 Be7 12. Nh3 Qd7 13. Nf4 Bg4 14. Be2 Bf5
15. Bc4 Rae8 16. f3 exf3 17. Qxf3 Nxd4 18. Bxf7+ Rxf7 19. cxd4 Qxd4+ 20. Be3
Qxb2 0-1

[Event "Reykjavik Open 2013"]
[Site "Reykjavik, Iceland"]
[Date "2013.02.25"]
[Round "8.73"]
[White "Isaksson, Per"]
[Black "Ingason, Sigurdur"]
[Result "1-0"]
[WhiteElo "2016"]
[BlackElo "1878"]
[PlyCount "73"]
[EventDate "2013.02.19"]

1. d4 f5 2. c4 e6 3. Nc3 Nf6 4. f3 Bb4 5. Bd2 Nc6 6. e3 O-O 7. a3 Bxc3 8. Bxc3
d6 9. Nh3 Qe7 10. Qc2 e5 11. O-O-O Bd7 12. d5 Nd8 13. Bd3 g6 14. Nf2 Nf7 15.
Rde1 b5 16. f4 c6 17. dxc6 bxc4 18. Bxc4 Bxc6 19. fxe5 dxe5 20. Bb4 Qb7 21.
Bxf8 Rxf8 22. Qb3 Rc8 23. Bxf7+ Qxf7 24. Qxf7+ Kxf7 25. Kb1 Bxg2 26. Rc1 Rxc1+
27. Rxc1 Nd5 28. Re1 Nf6 29. Kc2 g5 30. Rg1 Be4+ 31. Kd2 g4 32. Rc1 Bf3 33. b4
f4 34. exf4 exf4 35. b5 Nd5 36. Nd3 g3 37. Ne5+ 1-0

[Event "Reykjavik Open 2013"]
[Site "Reykjavik, Iceland"]
[Date "2013.02.25"]
[Round "8.75"]
[White "Kleinert, Juergen"]
[Black "Jonsson, Olafur Gisli"]
[Result "1-0"]
[WhiteElo "1991"]
[BlackElo "1870"]
[PlyCount "51"]
[EventDate "2013.02.19"]

1. e4 e5 2. Nc3 Nf6 3. f4 d5 4. fxe5 Nxe4 5. Nf3 Nc6 6. d3 Nxc3 7. bxc3 Be7 8.
d4 O-O 9. Bd3 f6 10. exf6 Bxf6 11. O-O Bg4 12. Qe1 Re8 13. Qg3 Bxf3 14. Qxf3
Nxd4 15. Qh5 g6 16. Bxg6 Ne2+ 17. Kh1 hxg6 18. Qxg6+ Bg7 19. Rf7 Ng3+ 20. hxg3
Re1+ 21. Kh2 Qf8 22. Rxf8+ Rxf8 23. Bh6 Re7 24. Bxg7 Rxg7 25. Qe6+ Kh8 26. Rb1
1-0

[Event "Reykjavik Open 2013"]
[Site "Reykjavik, Iceland"]
[Date "2013.02.25"]
[Round "8.76"]
[White "Karlsson, Mikael Johann"]
[Black "Masson, Kjartan"]
[Result "1-0"]
[WhiteElo "1990"]
[BlackElo "1856"]
[PlyCount "75"]
[EventDate "2013.02.19"]

1. c4 c6 2. g3 Nf6 3. Nf3 g6 4. Bg2 Bg7 5. O-O O-O 6. Nc3 d5 7. d4 Nbd7 8. b3
Qa5 9. Bb2 e6 10. Qc2 a6 11. a4 Re8 12. e4 dxe4 13. Nxe4 Nxe4 14. Qxe4 Nf6 15.
Qc2 Qc7 16. Rfe1 b6 17. Ne5 Bb7 18. a5 bxa5 19. c5 Nd5 20. Nc4 a4 21. Rxa4 a5
22. Rea1 Nb4 23. Qd2 Red8 24. Rxa5 Rxa5 25. Rxa5 Nd5 26. Ra7 Ra8 27. Rxa8+ Bxa8
28. Bxd5 exd5 29. Nd6 Bf8 30. Qb4 Be7 31. Bc1 h5 32. h4 Bd8 33. Bf4 Qa7 34. Kg2
Bc7 35. Qe1 Qb8 36. Qe7 Bxd6 37. cxd6 c5 38. d7 1-0

[Event "Reykjavik Open 2013"]
[Site "Reykjavik, Iceland"]
[Date "2013.02.25"]
[Round "8.77"]
[White "de Winter, Eric"]
[Black "Johannesson, Oliver"]
[Result "1/2-1/2"]
[WhiteElo "1823"]
[BlackElo "1988"]
[PlyCount "101"]
[EventDate "2013.02.19"]

1. e4 c5 2. Nf3 e6 3. c3 Nf6 4. e5 Nd5 5. d4 cxd4 6. cxd4 d6 7. Bb5+ Bd7 8.
Bxd7+ Qxd7 9. O-O Nc6 10. Re1 Rc8 11. a3 Be7 12. Nbd2 dxe5 13. dxe5 Qc7 14. Nf1
O-O 15. Bg5 Bxg5 16. Nxg5 Nxe5 17. Nxh7 Kxh7 18. Qh5+ Kg8 19. Qxe5 Qxe5 20.
Rxe5 Rc2 21. Rb1 Rfc8 22. Ree1 b6 23. g3 a5 24. Ne3 Nxe3 25. Rxe3 Rd2 26. b4 a4
27. Kg2 Rcc2 28. Rf1 Kf8 29. g4 Ke7 30. g5 g6 31. h4 Rc4 32. Kg3 Rb2 33. Rd1
Rcc2 34. Rf3 Rb3 35. Rdd3 Rcb2 36. Rfe3 Rxd3 37. Rxd3 Rb3 38. Re3 Kd6 39. Kf4
Kd5 40. Re5+ Kc4 41. Re4+ Kc3 42. Ke5 Kb2 43. f4 Rxa3 44. Kf6 Rc3 45. Kxf7 a3
46. Kxg6 a2 47. Re2+ Rc2 48. Re1 b5 49. h5 Rc1 50. Re2+ Rc2 51. Re1 1/2-1/2

[Event "Reykjavik Open 2013"]
[Site "Reykjavik, Iceland"]
[Date "2013.02.25"]
[Round "8.79"]
[White "Vigfusson, Vigfus"]
[Black "Hyotyla, Tapio"]
[Result "1-0"]
[WhiteElo "1985"]
[BlackElo "1792"]
[PlyCount "95"]
[EventDate "2013.02.19"]

1. e4 d6 2. d4 g6 3. Nc3 c6 4. Be3 Bg7 5. f4 d5 6. e5 h5 7. Nf3 Nh6 8. Qd2 Nf5
9. Bd3 b6 10. Bf2 Ba6 11. Bxf5 gxf5 12. e6 fxe6 13. Qe3 Qd6 14. Ng5 Bc8 15.
O-O-O Na6 16. Rde1 Nc7 17. h4 Qd8 18. Ne2 Rh6 19. Ng3 Kf8 20. Qf3 Qe8 21. c3
Nb5 22. Re2 Nd6 23. b3 Ne4 24. N3xe4 dxe4 25. Qe3 Ba6 26. c4 Rd8 27. Rd1 Qd7
28. Red2 Bb7 29. Qc3 Qc7 30. g3 Bc8 31. b4 Bf6 32. Qb3 Rd6 33. Kb1 Kg7 34. d5
exd5 35. cxd5 c5 36. Rc1 Rh8 37. bxc5 bxc5 38. Bxc5 Ra6 39. Bb4 Qb7 40. Rc6 Qd7
41. Qc4 Qb7 42. Kc1 Rxc6 43. dxc6 Qb6 44. Bc3 Qc7 45. Bxf6+ exf6 46. Ne6+ Bxe6
47. Qxe6 Rd8 48. Rd7+ 1-0

[Event "Reykjavik Open 2013"]
[Site "Reykjavik, Iceland"]
[Date "2013.02.25"]
[Round "8.81"]
[White "Thorsteinsdottir, Hallgerdur"]
[Black "Seim, Fredrik"]
[Result "1-0"]
[WhiteElo "1960"]
[BlackElo "1714"]
[PlyCount "81"]
[EventDate "2013.02.19"]

1. e4 e6 2. d4 d5 3. Nd2 Nf6 4. e5 Ng8 5. Bd3 c5 6. c3 Nc6 7. Ne2 f6 8. exf6
Nxf6 9. O-O Be7 10. Nf3 Qb6 11. b3 Bd7 12. Re1 cxd4 13. cxd4 O-O 14. Nf4 e5 15.
dxe5 Ng4 16. Qe2 Nb4 17. Be3 Nxe3 18. Qxe3 Bc5 19. Qd2 Rxf4 20. Bxh7+ Kxh7 21.
Qxf4 Bxf2+ 22. Kh1 Nd3 23. Ng5+ Kh8 24. Qf7 Qh6 25. Qxd7 Qxg5 26. Qh3+ Qh4 27.
Qxh4+ Bxh4 28. Re3 Nf2+ 29. Kg1 Rf8 30. g3 Bd8 31. Kg2 Ne4 32. Rd1 Rf2+ 33. Kh3
Bb6 34. Ree1 Rxa2 35. Rxd5 Nf2+ 36. Kh4 Kh7 37. e6 Ra5 38. Rxa5 Bxa5 39. e7
Bxe1 40. e8=Q Bc3 41. g4 1-0

[Event "Reykjavik Open 2013"]
[Site "Reykjavik, Iceland"]
[Date "2013.02.25"]
[Round "8.82"]
[White "Hojgaard, Brandur"]
[Black "Bjornes, Leif"]
[Result "0-1"]
[WhiteElo "1734"]
[BlackElo "1957"]
[PlyCount "60"]
[EventDate "2013.02.19"]

1. e4 c6 2. d4 d5 3. e5 Bf5 4. g4 Be4 5. f3 Bg6 6. h4 h5 7. g5 e6 8. Bd3 Ne7 9.
Bxg6 fxg6 10. Be3 Nf5 11. Qd3 Qb6 12. b3 c5 13. Ne2 Nc6 14. c3 cxd4 15. Bxd4
Bc5 16. Bxc5 Qxc5 17. f4 Kf7 18. Nd2 Rhd8 19. Rh3 b5 20. Rc1 a5 21. Nf3 Rac8
22. Qd2 b4 23. Nfd4 Ncxd4 24. cxd4 Qb6 25. Kd1 Rxc1+ 26. Kxc1 Rc8+ 27. Kd1 Rc6
28. Qd3 Qc7 29. Kd2 Qa7 30. Ng3 Rc3 0-1

[Event "Reykjavik Open 2013"]
[Site "Reykjavik, Iceland"]
[Date "2013.02.25"]
[Round "8.83"]
[White "Johansen, Arnt-Ole"]
[Black "Rodriguez Fonseca, Jorge"]
[Result "0-1"]
[WhiteElo "1817"]
[BlackElo "2009"]
[PlyCount "62"]
[EventDate "2013.02.19"]

1. d4 g6 2. c4 Bg7 3. e4 d6 4. Nc3 Nf6 5. g3 O-O 6. Nf3 Nbd7 7. Bg2 e5 8. O-O
h6 9. h3 a6 10. d5 a5 11. Be3 b6 12. Qc2 Nh5 13. Qd2 Kh7 14. Ne2 f5 15. Ne1 Qf6
16. Nd3 Nc5 17. Nxc5 bxc5 18. f3 f4 19. gxf4 exf4 20. Bf2 Qxb2 21. Qxb2 Bxb2
22. Rab1 Be5 23. Rfc1 Ba6 24. Be1 Rfb8 25. Rxb8 Rxb8 26. Bxa5 Rb2 27. Bf1 Ng3
28. Nxg3 Bd4+ 29. Kh1 fxg3 30. Bg2 Bc8 31. Bxc7 Bxh3 0-1

[Event "Reykjavik Open 2013"]
[Site "Reykjavik, Iceland"]
[Date "2013.02.25"]
[Round "8.84"]
[White "Orlova, Yelizaveta"]
[Black "Leosson, Atli Johann"]
[Result "1/2-1/2"]
[WhiteElo "1978"]
[BlackElo "1736"]
[PlyCount "105"]
[EventDate "2013.02.19"]

1. b3 e5 2. Bb2 Nc6 3. e3 d6 4. c4 Nf6 5. Nc3 Bf5 6. a3 Be7 7. Be2 Qd7 8. d3 a6
9. Bf3 Bg4 10. h3 Bxf3 11. Qxf3 Rb8 12. b4 Na7 13. Nge2 b5 14. cxb5 Nxb5 15.
O-O Nxc3 16. Bxc3 O-O 17. Ng3 h6 18. Rfd1 Nh7 19. d4 Ng5 20. Qe2 exd4 21. Bxd4
Rb5 22. f4 Ne6 23. Bc3 Qc6 24. Rac1 Qb6 25. a4 Nxf4 26. Qf2 Nxh3+ 27. gxh3 Rg5
28. Kh1 Rg6 29. Nf5 Bg5 30. h4 Bf6 31. Bxf6 Rxf6 32. Rd4 Re8 33. Rf4 Qb7+ 34.
Kh2 Kh7 35. Rg1 Rg6 36. h5 Rg5 37. Rxg5 hxg5 38. Rg4 f6 39. Nd4 Re5 40. Qc2+
Kh8 41. e4 c5 42. Nf3 Re7 43. bxc5 dxc5 44. Kg3 Qb8+ 45. e5 Rb7 46. Qg6 Rb3 47.
h6 Qxe5+ 48. Kg2 Qe2+ 49. Kg1 Qe3+ 50. Kh2 Rb2+ 51. Rg2 Rxg2+ 52. Kxg2 Qe7 53.
hxg7+ 1/2-1/2